LEADER 02367nam 2200589Ia 450 001 9910452556203321 005 20200520144314.0 010 $a1-283-87597-7 010 $a1-4616-6402-0 035 $a(CKB)2550000000709944 035 $a(EBL)1037548 035 $a(SSID)ssj0000810343 035 $a(PQKBManifestationID)12349444 035 $a(PQKBTitleCode)TC0000810343 035 $a(PQKBWorkID)10833385 035 $a(PQKB)11544640 035 $a(MiAaPQ)EBC1037548 035 $a(Au-PeEL)EBL1037548 035 $a(CaPaEBR)ebr10639612 035 $a(CaONFJC)MIL418847 035 $a(OCoLC)854520048 035 $a(EXLCZ)992550000000709944 100 $a20100513e20102009 uy 0 101 0 $aeng 135 $aur|n|---||||| 181 $ctxt 182 $cc 183 $acr 200 14$aThe A to Z of animation and cartoons$b[electronic resource] /$fNichola Dobson 210 $aLanham, Md. $cScarecrow Press$d2010, c2009 215 $a1 online resource (434 p.) 225 1 $aThe A to Z guide series ;$vno. 194 300 $aDescription based upon print version of record. 311 $a0-8108-7623-X 320 $aIncludes bibliographical references. 327 $aCover; Title Page; Copyright Page; Table of Contents; Editor's Foreword; Preface; Acknowledgments; Acronyms and Abbreviations; Chronology; Introduction; The Dictionary; Bibliography; About the Authors 330 $aThe A to Z of Animation and Cartoons is an introduction to all aspects of animation history and its development as a technology and industry beyond the familiar cartoons from the Disney and Warner Bros. Studios. This is done through a chronology, an introductory essay, photos, a bibliography, and over 200 cross-referenced dictionary entries on animators, directors, studios, techniques, films, and some of the best-known characters. 410 0$aA to Z guides ;$v194. 606 $aAnimated films$vDictionaries 606 $aMotion picture industry$vDictionaries 608 $aElectronic books. 615 0$aAnimated films 615 0$aMotion picture industry 676 $a791.4334 700 $aDobson$b Nichola$f1976-$0849925 801 0$bMiAaPQ 801 1$bMiAaPQ 801 2$bMiAaPQ 906 $aBOOK 912 $a9910452556203321 996 $aThe A to Z of animation and cartoons$92030202 997 $aUNINA LEADER 02454nam 2200349 450 001 9910725996203321 005 20230624214220.0 035 $a(CKB)5470000002601698 035 $a(NjHacI)995470000002601698 035 $a(EXLCZ)995470000002601698 100 $a20230624d2019 uy 0 101 0 $afre 135 $aur||||||||||| 181 $ctxt$2rdacontent 182 $cc$2rdamedia 183 $acr$2rdacarrier 200 10$aVulne?rables ou dangereux? $eune anthropologie du souci des adolescents difficiles = Vulnerable or dangerous? : an anthropology of care for difficult adolescents /$fYannis Gansel, Richard Rechtman 210 1$aLyon :$cENS E?ditions,$d[2019] 210 4$dİ2019 215 $a1 online resource 330 $aAu cours des anne?es 2000, une se?rie de transformations institutionnelles traversent le champ de l'adolescence : reconnaissance de la notion de handicap psychique, accumulation de re?formes dans le cadre de la justice des mineurs, de?veloppement de dispositifs d'e?coute de la souffrance. C'est dans ce contexte social que se proble?matise la cate?gorie d'" adolescents difficiles ". Il s'agit d'une population de jeunes qui, ne rentrant pas de fac?on suffisamment satisfaisante dans les cases des savoirs et des pratiques du me?dicosocial, de la protection de l'enfance, de la justice ou du sanitaire, " se font rejeter de partout ". Cette population interstitielle devient alors l'objet spe?cifique d'un souci collectif, de savoirs cliniques et d'actions publiques. Dans quelles conditions historiques et sociales l'expertise clinique a-t-elle identifie? ce proble?me? Comment les acteurs de terrain e?prouvent ce souci? Quelles pratiques de?veloppent-ils pour le traiter? A? partir d'une recherche documentaire et d'une enque?te ethnographique de longue dure?e, cet ouvrage apporte une contribution a? l'anthropologie de la sante? mentale en France. Il explore concre?tement ce que la psychiatrisation signifie, dans le champ des adolescents difficiles, aux confins de la dangerosite? et de la vulne?rabilite?, des pratiques de sollicitude et de contrainte. 606 $aChild welfare 615 0$aChild welfare. 676 $a362.7 700 $aGansel$b Yannis$01297960 702 $aRechtman$b Richard 801 0$bNjHacI 801 1$bNjHacl 906 $aBOOK 912 $a9910725996203321 996 $aVulne?rables ou dangereux$93392954 997 $aUNINA